Vaidya shastra dipika. (Record no. 106896)
[ view plain ]
| 000 -LEADER | |
|---|---|
| fixed length control field | 00582nam a2200193Ia 4500 |
| 003 - CONTROL NUMBER IDENTIFIER | |
| control field | OSt |
| 005 - DATE AND TIME OF LATEST TRANSACTION | |
| control field | 20260625103302.0 |
| 008 - FIXED-LENGTH DATA ELEMENTS--GENERAL INFORMATION | |
| fixed length control field | 210210b2003 xxu||||| |||| 00| 0 eng d |
| 040 ## - CATALOGING SOURCE | |
| Transcribing agency | AL |
| 041 ## - LANGUAGE CODE | |
| Language code of text/sound track or separate title | Sanskrit |
| 082 ## - DEWEY DECIMAL CLASSIFICATION NUMBER | |
| Classification number | S891.8 MADV |
| 100 ## - MAIN ENTRY--PERSONAL NAME | |
| Personal name | MADHUSUDANA (D P). |
| Dates associated with a name | मधुसूदन (डी. पी.) |
| 9 (RLIN) | 265982 |
| 245 ## - TITLE STATEMENT | |
| Title | Vaidya shastra dipika. |
| Remainder of title | वैद्यशास्त्रदीपिका |
| 260 ## - PUBLICATION, DISTRIBUTION, ETC. | |
| Place of publication, distribution, etc. | Mysore |
| Name of publisher, distributor, etc. | Oriental research institute |
| Date of publication, distribution, etc. | 2003 |
| 300 ## - PHYSICAL DESCRIPTION | |
| Extent | 191,xxii |
| 690 ## - LOCAL SUBJECT ADDED ENTRY--TOPICAL TERM (OCLC, RLIN) | |
| Topical term or geographic name as entry element | Sanskrit Miscellaneous |
| 9 (RLIN) | 265983 |
| 906 ## - LOCAL DATA ELEMENT F, LDF (RLIN) | |
| a | 059795 |
| 942 ## - ADDED ENTRY ELEMENTS (KOHA) | |
| Source of classification or shelving scheme | Dewey Decimal Classification |
| Koha item type | Book |
| Withdrawn status | Lost status | Source of classification or shelving scheme | Damaged status | Not for loan | Collection code | Home library | Current library | Shelving location | Date acquired | Source of acquisition | Cost, normal purchase price | Total Checkouts | Full call number | Barcode | Date last seen | Date last checked out | Price effective from | Koha item type |
|---|---|---|---|---|---|---|---|---|---|---|---|---|---|---|---|---|---|---|
| Dewey Decimal Classification | Sanskrit | St Aloysius Library | St Aloysius Library | 02/17/2021 | Athree Book Centre, Mangalore-01. | 200.00 | 1 | S891.8 MADV | 059795 | 03/28/2024 | 03/13/2024 | 02/17/2021 | Book |